Psychology of reading

Saved in:
Bibliografiske detaljer
Main Authors: Rayner, Keith (Author), Pollatsek, Alexander (Author), Ashby, Jane (Author), Clifton, Charles (Author)
Format: Bog
Sprog:engelsk
Udgivet: Nueva York Taylor and Francis Group 2012
Udgivelse:2a. ed
Fag:
Tags: Tilføj Tag
Ingen Tags, Vær først til at tagge denne postø!

MARC

LEADER 00000cam a2200000 a 4500
001 UCC0744
003 CL-VaPUC
008 170831e20120000us |||||||||||||||||eng|d
020 |a 9781848729759 
082 0 4 |a 401.9  |b RAY  |2 21 
100 0 |a Rayner, Keith  |e author  |9 594748 
700 0 |a Pollatsek, Alexander  |e author  |9 594749 
700 0 |a Ashby, Jane  |e author  |9 594750 
700 0 |a Clifton, Charles  |e author  |9 594751 
245 1 0 |a Psychology of reading 
250 |a 2a. ed 
300 |a 486 p 
942 |c BK 
945 |d 20170831 13:14:00  |a dcastane 
260 |a Nueva York  |b Taylor and Francis Group  |c 2012 
650 0 |a Psicolingüística   |9 283371 
650 0 |a Comprensión de lectura  |9 307588 
650 0 |a Análisis del discurso  |9 256696 
650 0 |a Dislexia  |9 307487 
583 |a last modification  |c 20170831 13:14:00  |k Rodrigo Vera 
999 |c 369484  |d 369482 
952 |0 0  |1 0  |3 erb  |4 0  |6 401_900000000000000_RAY_2012  |7 0  |8 A  |9 485309  |a FDOPOS  |b FDOPOS  |i 5420164  |o 401.9 RAY 2012  |p 5420164  |r 2025-01-22  |w 2019-11-24  |y BK  |z Catalogado en:20170831  |k DLA